[Event "CAN/QC op"]
[Site "Montreal CAN"]
[Date "2002.07.21"]
[Round "10"]
[White "Lezaic, Jovan"]
[Black "Abreu Cordero, Jose"]
[Result "1-0"]
[WhiteElo "1982"]
[BlackElo "2189"]
[PlyCount "155"]
[EventDate "2002.07.13"]
[EventType "swiss"]
[EventRounds "9"]
[EventCountry "CAN"]

1. d4 Nf6 2. c4 e6 3. Nc3 d5 4. Nf3 h6 5. h3 c6 6. e3 Nbd7 7. a3 Bd6 8. c5 Bc7
9. b4 e5 10. dxe5 Nxe5 11. Bb2 O-O 12. Be2 Re8 13. O-O Bf5 14. Na4 Qe7 15. Nxe5
Bxe5 16. Bxe5 Qxe5 17. Re1 Re7 18. Qd2 Rae8 19. Bf3 Be4 20. Be2 Qg5 21. Bf1 Bf5
22. Kh2 Ne4 23. Qb2 h5 24. Ra2 Bg6 25. Qd4 f5 26. Ree2 h4 27. Nc3 Bh5 28. Rec2
Bg6 29. Nxe4 Rxe4 30. Qd2 Qe7 31. Bd3 Re6 32. Rc1 Qc7+ 33. Kg1 f4 34. Re1 Bf7
35. Raa1 fxe3 36. Rxe3 Rxe3 37. fxe3 Qg3 38. Re1 d4 39. e4 Re5 40. Rf1 Rg5 41.
Qf2 Be6 42. Qxg3 Rxg3 43. Rf3 Rxf3 44. gxf3 Bxh3 45. f4 Kf7 46. Kf2 Bg4 47. Kg2
g5 48. fxg5 Kg6 49. b5 Kxg5 50. b6 axb6 51. cxb6 Kf4 52. a4 Bc8 53. Kf2 h3 54.
a5 Ke5 55. Kg3 Kd6 56. Bf1 Kc5 57. e5 Be6 58. Kh2 Bc8 59. Kg3 Kb4 60. a6 bxa6
61. e6 h2 62. Kxh2 Bxe6 63. b7 Bc4 64. b8=Q+ Bb5 65. Qb6 c5 66. Kg1 d3 67. Bxd3
c4 68. Qd4 Kb3 69. Bf5 c3 70. Be6+ Kc2 71. Kf2 a5 72. Qd5 Bd3 73. Qxa5 Kd2 74.
Qb4 Bh7 75. Qd4+ Kc2 76. Ke1 Bd3 77. Qb4 Bh7 78. Qb3+ 1-0

[Event "CAN/QC op"]
[Site "Montreal CAN"]
[Date "2002.07.21"]
[Round "10"]
[White "MacLeod, Steven"]
[Black "Cuartas, Carlos"]
[Result "0-1"]
[WhiteElo "2070"]
[BlackElo "2343"]
[PlyCount "84"]
[EventDate "2002.07.13"]
[EventType "swiss"]
[EventRounds "9"]
[EventCountry "CAN"]

1. d4 Nf6 2. Bg5 c5 3. Bxf6 gxf6 4. d5 Qb6 5. Qc1 Bh6 6. e3 d6 7. Nd2 Nd7 8.
Nh3 f5 9. g3 Ne5 10. Nf4 Bd7 11. Be2 Rg8 12. c3 Ng4 13. Nc4 Qc7 14. a4 Nf6 15.
Qd2 b6 16. f3 Bc8 17. Na3 Qb7 18. c4 Qd7 19. Nb5 a6 20. Nc3 a5 21. O-O-O Bb7
22. Bf1 O-O-O 23. Bh3 e6 24. Qf2 Kb8 25. dxe6 fxe6 26. b3 Qe7 27. Rd3 Ng4 28.
fxg4 Bxh1 29. gxf5 exf5 30. Bxf5 Rdf8 31. Qf1 Bb7 32. Qh3 Qf6 33. g4 Bxf4 34.
exf4 Bc8 35. Rd5 h5 36. Qd3 hxg4 37. Bxc8 Qxf4+ 38. Kd1 Kxc8 39. Rxd6 Qf1+ 40.
Qxf1 Rxf1+ 41. Ke2 Rh1 42. Rh6 g3 0-1

[Event "CAN/QC op"]
[Site "Montreal CAN"]
[Date "2002.07.21"]
[Round "10"]
[White "Malveau, Cedric"]
[Black "Bergeron, Pascal"]
[Result "0-1"]
[WhiteElo "1894"]
[BlackElo "2129"]
[PlyCount "106"]
[EventDate "2002.07.13"]
[EventType "swiss"]
[EventRounds "9"]
[EventCountry "CAN"]

1. d4 Nf6 2. c4 e6 3. Nc3 Bb4 4. e3 c5 5. Bd3 Nc6 6. Nf3 Bxc3+ 7. bxc3 d6 8. e4
e5 9. d5 Ne7 10. h3 Bd7 11. O-O h6 12. Be3 Qc7 13. a4 g5 14. Nh2 O-O-O 15. f3
Qa5 16. Qb3 Kb8 17. Rfb1 Qc7 18. Ra2 Rdg8 19. Qd1 h5 20. Rf2 Nh7 21. g4 Ng6 22.
gxh5 Nf4 23. Bxf4 gxf4+ 24. Ng4 Ng5 25. Bf1 Rxh5 26. Rh2 Rgh8 27. Nf2 Bxh3 28.
Bxh3 Nxh3+ 29. Nxh3 Rxh3 30. Rxh3 Rxh3 31. Qb3 Rxf3 32. Rb2 f6 33. Rg2 Qh7 34.
Qb5 Rg3 35. a5 Rxg2+ 36. Kxg2 Qxe4+ 37. Kg1 Qe1+ 38. Kg2 Qg3+ 39. Kf1 Qg7 40.
Qe8+ Kc7 41. a6 f3 42. Ke1 Qd7 43. Qa8 bxa6 44. Qxa7+ Kd8 45. Qxa6 Ke7 46. Qa8
Kf7 47. Qh8 Qf5 48. Qd8 Qe4+ 49. Kf2 Qe2+ 50. Kg3 Qg2+ 51. Kh4 Qg5+ 52. Kh3
Qf5+ 53. Kh4 f2 0-1

[Event "CAN/QC op"]
[Site "Montreal CAN"]
[Date "2002.07.21"]
[Round "10"]
[White "Miron, Francois"]
[Black "Laptos, Kris"]
[Result "0-1"]
[WhiteElo "2033"]
[BlackElo "2220"]
[PlyCount "52"]
[EventDate "2002.07.13"]
[EventType "swiss"]
[EventRounds "9"]
[EventCountry "CAN"]

1. e4 d6 2. Nc3 Nf6 3. f4 c5 4. Nf3 g6 5. Bc4 Nc6 6. d3 Bg7 7. O-O O-O 8. Qe1
Ne8 9. Ng5 h6 10. Nf3 e6 11. g4 Nc7 12. Qg3 d5 13. Bb3 b5 14. a3 c4 15. Ba2 Nd4
16. Rf2 dxe4 17. dxe4 Nxf3+ 18. Qxf3 Bb7 19. Be3 Qe7 20. Qh3 Rfd8 21. f5 exf5
22. gxf5 Bxc3 23. bxc3 Qxe4 24. Kf1 Qh1+ 25. Ke2 Qxa1 26. fxg6 Qd1# 0-1

[Event "CAN/QC op"]
[Site "Montreal CAN"]
[Date "2002.07.21"]
[Round "10"]
[White "Morin, Louis"]
[Black "Jones, Christopher2"]
[Result "1-0"]
[WhiteElo "1864"]
[BlackElo "1545"]
[PlyCount "67"]
[EventDate "2002.07.13"]
[EventType "swiss"]
[EventRounds "9"]
[EventCountry "CAN"]

1. e4 e6 2. d4 d5 3. e5 c5 4. Qg4 cxd4 5. Nf3 Nc6 6. Bd3 Nge7 7. O-O Nb4 8. Na3
Nxd3 9. cxd3 Ng6 10. Nb5 a6 11. Nbxd4 Be7 12. Re1 O-O 13. Bg5 Nxe5 14. Rxe5
Bxg5 15. Nxg5 f6 16. Ngxe6 g6 17. Re3 Qb6 18. Qe2 Re8 19. Rc1 Bd7 20. Nc5 Rec8
21. Ndb3 Bf5 22. g4 d4 23. Re7 Bxg4 24. Qxg4 Qd6 25. Qe6+ Qxe6 26. Rxe6 Rc7 27.
Rxf6 Rac8 28. Rb6 a5 29. Rxb7 Rc6 30. a4 h5 31. Re1 Kf8 32. Ree7 Rxc5 33. Nxc5
Rxc5 34. Rec7 1-0

[Event "CAN/QC op"]
[Site "Montreal CAN"]
[Date "2002.07.21"]
[Round "10"]
[White "Ochkoos, Jura"]
[Black "Clement, Michel"]
[Result "1-0"]
[WhiteElo "2251"]
[BlackElo "2091"]
[PlyCount "61"]
[EventDate "2002.07.13"]
[EventType "swiss"]
[EventRounds "9"]
[EventCountry "CAN"]

1. e4 c5 2. c3 e6 3. d4 d5 4. e5 Nc6 5. Nf3 cxd4 6. cxd4 Bd7 7. Nc3 f6 8. Bd3
f5 9. O-O Nge7 10. Bg5 Qa5 11. h4 Nc8 12. a3 a6 13. Re1 h6 14. Bd2 Be7 15. Rc1
Qd8 16. h5 O-O 17. Ne2 Be8 18. Nf4 Bf7 19. Bb1 N8a7 20. g3 Rc8 21. Kg2 Na5 22.
Rxc8 Nxc8 23. g4 Nc4 24. Bc1 b5 25. gxf5 Bg5 26. fxe6 Be8 27. Qd3 Rxf4 28. Qh7+
Kf8 29. Bxf4 Qa5 30. Bxg5 hxg5 31. h6 1-0

[Event "CAN/QC op"]
[Site "Montreal CAN"]
[Date "2002.07.21"]
[Round "10"]
[White "Patterson, Roger"]
[Black "Zafirov, Stephane"]
[Result "1-0"]
[WhiteElo "2246"]
[BlackElo "1925"]
[PlyCount "83"]
[EventDate "2002.07.13"]
[EventType "swiss"]
[EventRounds "9"]
[EventCountry "CAN"]

1. e4 e5 2. Nf3 Nc6 3. Bb5 a6 4. Ba4 Nf6 5. O-O Be7 6. Re1 b5 7. Bb3 O-O 8. c3
d6 9. h3 Na5 10. Bc2 c5 11. d4 Qc7 12. Nbd2 cxd4 13. cxd4 Rd8 14. d5 Bd7 15.
Nf1 Nb7 16. Bd2 a5 17. Rc1 Qb8 18. g4 Rc8 19. Ng3 Nc5 20. Nf5 Bf8 21. N3h4 Qb6
22. Qf3 Ra7 23. Nh6+ gxh6 24. Qxf6 Qd8 25. Qxd8 Rxd8 26. Nf5 h5 27. gxh5 f6 28.
Kh2 Bxf5 29. exf5 Kf7 30. Rg1 b4 31. Rg4 Rc8 32. Rc4 Rac7 33. Ba4 Na6 34. Bc6
Be7 35. Be3 Nc5 36. Rg1 Bf8 37. Rcg4 Rxc6 38. dxc6 Rxc6 39. Rg8 h6 40. Rh8 d5
41. Rh7+ Ke8 42. Rg8 1-0

[Event "CAN/QC op"]
[Site "Montreal CAN"]
[Date "2002.07.21"]
[Round "10"]
[White "Plante, Michel"]
[Black "Meng, Fanhao"]
[Result "0-1"]
[WhiteElo "1947"]
[BlackElo "2116"]
[PlyCount "58"]
[EventDate "2002.07.13"]
[EventType "swiss"]
[EventRounds "9"]
[EventCountry "CAN"]

1. d4 d5 2. Nf3 Nf6 3. e3 Bf5 4. c4 c6 5. cxd5 cxd5 6. Qb3 Qc7 7. Nc3 e6 8. Bd2
Nc6 9. Bb5 a6 10. Ba4 Bd6 11. Ne5 Bxe5 12. dxe5 Nd7 13. f4 Nc5 14. Qa3 Nd3+ 15.
Ke2 h5 16. h3 h4 17. Bb5 axb5 18. Qxa8+ Kd7 19. Qxh8 Nd8 20. Kf1 b4 21. Qf8
bxc3 22. Bxc3 Qc4 23. Kg1 Qe4 24. Qd6+ Ke8 25. Qb6 Nc6 26. Rd1 g5 27. Rf1 gxf4
28. exf4 d4 29. Bxd4 Nxd4 0-1

[Event "CAN/QC op"]
[Site "Montreal CAN"]
[Date "2002.07.21"]
[Round "10"]
[White "Ramaswamy, Kishor"]
[Black "Lipnowski, Irwin"]
[Result "0-1"]
[WhiteElo "2002"]
[BlackElo "2416"]
[PlyCount "66"]
[EventDate "2002.07.13"]
[EventType "swiss"]
[EventRounds "9"]
[EventCountry "CAN"]

1. d4 Nf6 2. Nf3 e6 3. Bg5 c5 4. c3 d5 5. e3 Nc6 6. Nbd2 h6 7. Bh4 a6 8. Bd3
cxd4 9. exd4 Be7 10. O-O O-O 11. Ne5 Nxe5 12. dxe5 Nd7 13. Bxe7 Qxe7 14. f4 b5
15. a3 Nc5 16. Bc2 Bb7 17. Nf3 Ne4 18. Nd4 a5 19. Kh1 b4 20. Bxe4 dxe4 21. axb4
axb4 22. Qc2 Qc5 23. Nb3 Qc4 24. Rad1 bxc3 25. Nd2 Qe2 26. Rfe1 Qg4 27. Nxe4
cxb2 28. Re3 Bxe4 29. Rxe4 Qxd1+ 30. Qxd1 Ra1 31. Re1 Rxd1 32. Rxd1 Rb8 33. Rb1
Rc8 0-1

[Event "CAN/QC op"]
[Site "Montreal CAN"]
[Date "2002.07.21"]
[Round "10"]
[White "Robichaud, Louis"]
[Black "Mikanovic, Goran"]
[Result "0-1"]
[WhiteElo "2052"]
[BlackElo "2314"]
[PlyCount "80"]
[EventDate "2002.07.13"]
[EventType "swiss"]
[EventRounds "9"]
[EventCountry "CAN"]

1. e4 c5 2. Nc3 Nc6 3. g3 g6 4. Bg2 Bg7 5. d3 d6 6. f4 e6 7. Nf3 Nge7 8. O-O
O-O 9. Be3 Nd4 10. e5 Nef5 11. Bf2 Nxf3+ 12. Bxf3 Nd4 13. Bg2 dxe5 14. fxe5
Bxe5 15. Ne4 f5 16. Nxc5 Qd6 17. b4 Nc6 18. Rb1 Rb8 19. b5 Nd4 20. Nb3 Nxb5 21.
d4 Bg7 22. Qd3 Na3 23. Rbd1 b6 24. Nc5 Nxc2 25. Qxc2 bxc5 26. dxc5 Qa6 27. Rb1
Rxb1 28. Rxb1 Qa5 29. c6 Be5 30. Re1 Rd8 31. Rd1 Rxd1+ 32. Qxd1 Bc7 33. Qa1 e5
34. Qb2 Bb6 35. Bxb6 Qxb6+ 36. Qxb6 axb6 37. Bf1 Kf8 38. Kf2 Ke7 39. Ke3 Kd6
40. Bb5 Be6 0-1

[Event "CAN/QC op"]
[Site "Montreal CAN"]
[Date "2002.07.21"]
[Round "10"]
[White "Saint Amand, Paul"]
[Black "Vallieres, Mario"]
[Result "1/2-1/2"]
[WhiteElo "2214"]
[BlackElo "2024"]
[PlyCount "63"]
[EventDate "2002.07.13"]
[EventType "swiss"]
[EventRounds "9"]
[EventCountry "CAN"]

1. e4 Nf6 2. e5 Nd5 3. d4 d6 4. Nf3 g6 5. Bc4 c6 6. O-O Bg7 7. h3 O-O 8. Qe2
Nc7 9. Re1 d5 10. Bd3 Ne6 11. Be3 b6 12. c4 a5 13. Nc3 Na6 14. cxd5 cxd5 15.
Ng5 Nac7 16. Rac1 Rb8 17. Nxe6 Bxe6 18. Nb5 Nxb5 19. Bxb5 Bd7 20. Rc3 e6 21.
Rec1 Rb7 22. Bd3 f6 23. f4 fxe5 24. fxe5 Be8 25. Rc8 Qh4 26. Rf1 Rbf7 27. Rxf7
Bxf7 28. Rc6 Qd8 29. Qc2 Be8 30. Rc8 Qh4 31. Qe2 Bd7 32. Rxf8+ 1/2-1/2

[Event "CAN/QC op"]
[Site "Montreal CAN"]
[Date "2002.07.21"]
[Round "10"]
[White "Seguin, Rene"]
[Black "Sarwer, Jeff"]
[Result "1/2-1/2"]
[WhiteElo "1997"]
[BlackElo "2336"]
[PlyCount "106"]
[EventDate "2002.07.13"]
[EventType "swiss"]
[EventRounds "9"]
[EventCountry "CAN"]

1. e4 Nc6 2. d4 e5 3. Nf3 exd4 4. Nxd4 Qh4 5. Nb5 Qxe4+ 6. Be2 Kd8 7. O-O a6 8.
N5c3 Qe5 9. Nd2 Qd4 10. Bd3 f6 11. Nf3 Qg4 12. Re1 Nge7 13. Qe2 d6 14. Nd5 Ne5
15. Nxe5 fxe5 16. Qxg4 Bxg4 17. Bg5 h6 18. Bxe7+ Bxe7 19. Nxe7 Kxe7 20. f4 Rae8
21. fxe5 dxe5 22. Rxe5+ Kd6 23. Rxe8 Rxe8 24. Kf2 c5 25. Re1 Rxe1 26. Kxe1 Ke5
27. c3 g5 28. Kf2 h5 29. Ke3 Bf5 30. Be2 h4 31. g3 Be6 32. a3 a5 33. Bd3 Bg4
34. Bc4 Bd1 35. Bd3 b6 36. Bf1 Kf5 37. Bh3+ Ke5 38. Bg2 b5 39. Bc6 b4 40. cxb4
cxb4 41. axb4 axb4 42. gxh4 gxh4 43. Bd7 Bc2 44. Bb5 Be4 45. Be2 Kd5 46. Ba6
Bg6 47. Be2 Kc5 48. Bf1 Bf7 49. Bd3 Bc4 50. Bg6 Bf1 51. Bf7 Bg2 52. Ba2 Bd5 53.
Bb1 Bg8 1/2-1/2

[Event "CAN/QC op"]
[Site "Montreal CAN"]
[Date "2002.07.21"]
[Round "10"]
[White "Singher, Jean-Pierre"]
[Black "Urquhart, Eddie"]
[Result "1/2-1/2"]
[WhiteElo "1948"]
[BlackElo "2296"]
[PlyCount "77"]
[EventDate "2002.07.13"]
[EventType "swiss"]
[EventRounds "9"]
[EventCountry "CAN"]

1. d4 Nf6 2. c4 g6 3. Nc3 d5 4. cxd5 Nxd5 5. e4 Nxc3 6. bxc3 Bg7 7. Bc4 c5 8.
Ne2 O-O 9. O-O Nc6 10. Be3 cxd4 11. cxd4 Na5 12. Bd5 e6 13. Bb3 Nxb3 14. Qxb3
b6 15. Rfe1 Bb7 16. f3 Qd7 17. Rad1 Rfc8 18. Qd3 Qa4 19. Nc3 Qc4 20. Qxc4 Rxc4
21. Nb5 Bf8 22. Rc1 Rxc1 23. Rxc1 a6 24. Nc7 Rd8 25. Kf2 h5 26. e5 Rc8 27. Bd2
Ba3 28. Rc2 b5 29. Ke2 a5 30. Kd3 b4 31. Nb5 Rb8 32. Nxa3 bxa3 33. Bc1 Ba6+ 34.
Ke3 Rb1 35. Bxa3 Rd1 36. Bd6 Kg7 37. Bc5 g5 38. Be7 Kg6 39. Bd6 1/2-1/2

[Event "CAN/QC op"]
[Site "Montreal CAN"]
[Date "2002.07.21"]
[Round "10"]
[White "Soudre, Nicolas"]
[Black "Rosenberg, Evan"]
[Result "1/2-1/2"]
[WhiteElo "2177"]
[BlackElo "2000"]
[PlyCount "56"]
[EventDate "2002.07.13"]
[EventType "swiss"]
[EventRounds "9"]
[EventCountry "CAN"]

1. e4 c6 2. d4 d5 3. e5 c5 4. dxc5 Nc6 5. Bb5 e6 6. Be3 Nge7 7. c3 Bd7 8. Bxc6
Bxc6 9. Bd4 Nf5 10. Nf3 Nxd4 11. cxd4 b6 12. Nbd2 bxc5 13. dxc5 Bxc5 14. Qc2
Qb6 15. Nb3 Bb4+ 16. Nbd2 O-O 17. a3 Bxd2+ 18. Qxd2 Bb5 19. Qd4 Qa5+ 20. b4 Qa4
21. Qd1 Qa6 22. a4 Bc4 23. b5 Qa5+ 24. Qd2 Qc7 25. Qd4 Rab8 26. Nd2 Qa5 27. f4
a6 28. Kf2 axb5 1/2-1/2

[Event "CAN/QC op"]
[Site "Montreal CAN"]
[Date "2002.07.13"]
[Round "1.35"]
[White "Veltmann, Martin"]
[Black "Chow, Vincent"]
[Result "0-1"]
[WhiteElo "2154"]
[BlackElo "2081"]
[PlyCount "94"]
[EventDate "2002.07.13"]
[EventType "swiss"]
[EventRounds "9"]
[EventCountry "CAN"]

1. Nf3 Nf6 2. g3 g6 3. Bg2 Bg7 4. O-O O-O 5. d3 d6 6. Nbd2 e5 7. e4 Nbd7 8. c3
Re8 9. Ng5 h6 10. Nh3 Nc5 11. Qe2 d5 12. f3 dxe4 13. dxe4 b6 14. Nf2 Ba6 15. c4
Qd4 16. Rb1 Rad8 17. b3 Nd3 18. Qxd3 Qxd3 19. Nxd3 Rxd3 20. Re1 Red8 21. Nf1
Ne8 22. Ne3 c6 23. Bf1 R3d4 24. Ng4 h5 25. Nf2 Nc7 26. Be3 R4d7 27. Bh3 Rd6 28.
c5 bxc5 29. Bxc5 Rd2 30. Bxa7 Rxa2 31. Bb6 Rdd2 32. Ra1 Nb5 33. Bf1 Bc8 34.
Rxa2 Rxa2 35. Rc1 Bd7 36. Bxb5 cxb5 37. Nd3 Be6 38. Nc5 Bh3 39. Nd3 Rg2+ 40.
Kh1 Rd2 41. Nf2 Be6 42. b4 Bf8 43. Rb1 Ba2 44. Rc1 Bxb4 45. Nh3 Bc4 46. Ra1 Ra2
47. Rd1 Bd2 0-1

[Event "CAN/QC op"]
[Site "Montreal CAN"]
[Date "2002.07.15"]
[Round "4.67"]
[White "Mathieu, Jean-Philippe"]
[Black "Veltmann, Martin"]
[Result "0-1"]
[WhiteElo "1630"]
[BlackElo "2154"]
[PlyCount "126"]
[EventDate "2002.07.13"]
[EventType "swiss"]
[EventRounds "9"]
[EventCountry "CAN"]

1. e4 c5 2. Nf3 d6 3. d4 cxd4 4. Nxd4 Nf6 5. Nc3 a6 6. Be3 e6 7. Be2 Be7 8. Qd2
O-O 9. O-O Nc6 10. f4 Nxd4 11. Bxd4 Qc7 12. Rad1 e5 13. Be3 b5 14. fxe5 dxe5
15. Bg5 Bb7 16. Bxf6 Bxf6 17. Bd3 Qb6+ 18. Qf2 Qxf2+ 19. Kxf2 Rac8 20. a3 Rfd8
21. Ra1 g6 22. Ne2 Be7 23. Ng3 Kg7 24. Rfe1 Bh4 25. Rac1 Rd4 26. Kg1 Bxg3 27.
hxg3 Rc7 28. Rcd1 Rcd7 29. Rc1 f5 30. exf5 e4 31. Bf1 gxf5 32. Kf2 Kf6 33. Be2
Ke5 34. Ke3 Rg7 35. Kf2 e3+ 36. Kxe3 Rxg3+ 37. Bf3 Be4 38. Kf2 Kf4 39. Bxe4
fxe4 40. Re2 e3+ 41. Ke1 h5 42. Rd1 Ke4 43. Rxd4+ Kxd4 44. Kf1 h4 45. Kg1 a5
46. Re1 b4 47. axb4 axb4 48. Kf1 Kc4 49. Re2 Kd4 50. Re1 h3 51. gxh3 Rxh3 52.
Kg2 Rh6 53. Kf3 Rf6+ 54. Ke2 Ke4 55. Rf1 Rh6 56. Kd1 Rd6+ 57. Kc1 Ra6 58. Kd1
Ra2 59. b3 Ra1+ 60. Ke2 Rxf1 61. Kxf1 Kd4 62. Ke2 Kc3 63. Kxe3 Kxc2 0-1

[Event "CAN/QC op"]
[Site "Montreal CAN"]
[Date "2002.07.16"]
[Round "5"]
[White "Veltmann, Martin"]
[Black "Gauthier, Denis"]
[Result "0-1"]
[WhiteElo "2154"]
[BlackElo "1722"]
[PlyCount "52"]
[EventDate "2002.07.13"]
[EventType "swiss"]
[EventRounds "9"]
[EventCountry "CAN"]

1. Nf3 Nf6 2. g3 d5 3. Bg2 Bg4 4. O-O Nbd7 5. d3 c6 6. Nbd2 e6 7. b3 Bd6 8. Bb2
O-O 9. h3 Bh5 10. e4 e5 11. Qe2 Re8 12. g4 Bg6 13. Nh4 Nxe4 14. Nxe4 Bxe4 15.
dxe4 Qxh4 16. exd5 cxd5 17. Bxd5 e4 18. Rad1 Ne5 19. Bxe5 Bxe5 20. Qe3 h5 21.
Bxb7 Rab8 22. Rd7 hxg4 23. Bd5 gxh3 24. Bxf7+ Kh8 25. Rfd1 Qg4+ 26. Kf1 h2 0-1

[Event "CAN/QC op"]
[Site "Montreal CAN"]
[Date "2002.07.17"]
[Round "6.104"]
[White "Audet, Eric"]
[Black "Veltmann, Martin"]
[Result "0-1"]
[WhiteElo "1610"]
[BlackElo "2154"]
[PlyCount "147"]
[EventDate "2002.07.13"]
[EventType "swiss"]
[EventRounds "9"]
[EventCountry "CAN"]

1. e4 c5 2. Nf3 d6 3. d4 cxd4 4. Nxd4 Nf6 5. Nc3 a6 6. Be2 e6 7. O-O Be7 8. Be3
O-O 9. f3 Nc6 10. Nxc6 bxc6 11. Qe1 Rb8 12. Rb1 e5 13. Bc4 d5 14. Rd1 Be6 15.
Na4 Qc7 16. Bb3 d4 17. Bxe6 fxe6 18. Bf2 c5 19. b3 Nd7 20. Bg3 c4 21. Nb2 c3
22. Nd3 Bg5 23. Kh1 Bf4 24. Bf2 a5 25. a4 Rb7 26. Qe2 Bg5 27. h4 Be7 28. Bg3
Bd6 29. Bh2 Nf6 30. g3 Qc6 31. Bg1 Rbf7 32. Kg2 h6 33. Nxe5 Bxe5 34. Bxd4 Bxd4
35. Rxd4 Nh5 36. Qe3 Rc7 37. Rc4 Qd6 38. e5 Qd7 39. Qxc3 Rxc4 40. Qxc4 Rc8 41.
Qe2 Rd8 42. Rf2 g6 43. Qe4 Kf7 44. Qe3 Qd4 45. Qxd4 Rxd4 46. f4 Ng7 47. g4 h5
48. Kf3 Rd1 49. gxh5 gxh5 50. Rh2 Nf5 51. Ke4 Ke7 52. Rh3 Rd4+ 53. Kf3 Rd2 54.
Ke4 Rxc2 55. Kd3 Rf2 56. Kc4 Rxf4+ 57. Kb5 Rxh4 58. Rc3 Re4 59. Kxa5 Rxe5+ 60.
Kb6 Ne3 61. Rc7+ Kf6 62. Rc1 Nd5+ 63. Kc5 Ne7+ 64. Kb6 Nd5+ 65. Kc5 h4 66. a5
Ne7+ 67. Kd6 Rxa5 68. Kc7 Rb5 69. Rc3 Kf5 70. Kd6 Rb8 71. Kc5 Rc8+ 72. Kd4 e5+
73. Kd3 Rxc3+ 74. Kxc3 0-1

[Event "CAN/QC op"]
[Site "Montreal CAN"]
[Date "2002.07.18"]
[Round "7.69"]
[White "Veltmann, Martin"]
[Black "Mathews, Theo"]
[Result "1/2-1/2"]
[WhiteElo "2154"]
[BlackElo "1655"]
[PlyCount "136"]
[EventDate "2002.07.13"]
[EventType "swiss"]
[EventRounds "9"]
[EventCountry "CAN"]

1. Nf3 d5 2. g3 e6 3. Bg2 f5 4. O-O Nf6 5. d3 Bd6 6. c4 c6 7. b3 O-O 8. Ba3
Bxa3 9. Nxa3 Qd6 10. Qc1 Bd7 11. Qb2 Be8 12. b4 a6 13. c5 Qc7 14. Nc2 Nbd7 15.
d4 h6 16. a4 Bh5 17. b5 Ne4 18. Nb4 axb5 19. axb5 cxb5 20. Rfc1 Ra4 21. Rab1
Ndf6 22. Ne5 Ng4 23. Nxg4 fxg4 24. Bxe4 dxe4 25. e3 Be8 26. Qe2 Rf3 27. Rb2 Bc6
28. Nc2 h5 29. Ne1 Rf6 30. Qd2 Qa5 31. Qxa5 Rxa5 32. Nc2 Rf8 33. Ra1 Rxa1+ 34.
Nxa1 Ra8 35. Nc2 Kf7 36. Kf1 Ra5 37. Ke1 Kf6 38. Kd2 e5 39. Nb4 exd4 40. exd4
Ke6 41. Ra2 Rxa2+ 42. Nxa2 Kd5 43. Kc3 Ke6 44. Nb4 g6 45. Nc2 Kd5 46. Ne3+ Ke6
47. Kb4 Ke7 48. d5 Bd7 49. Kc3 Kf6 50. Kd4 b4 51. Nc4 Bf5 52. Na5 Bc8 53. Kxe4
Bf5+ 54. Kd4 Bc8 55. Nc4 Bf5 56. Nd6 b3 57. Kc3 Bc2 58. Nxb7 Be4 59. Na5 Bxd5
60. Nxb3 Ke5 61. Na5 Ke4 62. Kd2 Kf3 63. Ke1 Kg2 64. c6 Kxh2 65. c7 Be6 66. Nc6
g5 67. Nd4 Bc8 68. f4 gxf4 1/2-1/2

[Event "CAN/QC op"]
[Site "Montreal CAN"]
[Date "2002.07.20"]
[Round "8.68"]
[White "De Grosbois, Shawn"]
[Black "Veltmann, Martin"]
[Result "0-1"]
[WhiteElo "1320"]
[BlackElo "2154"]
[PlyCount "84"]
[EventDate "2002.07.13"]
[EventType "swiss"]
[EventRounds "9"]
[EventCountry "CAN"]

1. e4 c5 2. Nf3 d6 3. d4 cxd4 4. Nxd4 Nf6 5. Nc3 a6 6. Bc4 e6 7. Bb3 Be7 8. O-O
O-O 9. Be3 b5 10. a3 Bb7 11. Bxe6 Nxe4 12. Nxe4 Bxe4 13. Bf5 Bb7 14. Bd3 g6 15.
Qd2 Nd7 16. f3 Re8 17. Qf2 Nc5 18. Rad1 Bf6 19. Rfe1 Rc8 20. c3 Bh4 21. g3 Bf6
22. Bf1 Nd7 23. Bg2 Ne5 24. Nc2 Nc4 25. Nb4 a5 26. Nd5 Bxd5 27. Rxd5 Nxb2 28.
Bd4 Rxe1+ 29. Qxe1 Bxd4+ 30. cxd4 Qb6 31. Bf1 Nc4 32. Qe7 Rc6 33. Bxc4 bxc4 34.
Rxa5 Qxa5 35. Qe8+ Kg7 36. Qxc6 Qe1+ 37. Kg2 c3 38. f4 Qe2+ 39. Kh3 c2 40. a4
Qf1+ 41. Kh4 c1=Q 42. Qxd6 Qc3 0-1

[Event "CAN/QC op"]
[Site "Montreal CAN"]
[Date "2002.07.20"]
[Round "9.48"]
[White "Veltmann, Martin"]
[Black "Liberzan, Thierry"]
[Result "0-1"]
[WhiteElo "2154"]
[BlackElo "1510"]
[PlyCount "50"]
[EventDate "2002.07.13"]
[EventType "swiss"]
[EventRounds "9"]
[EventCountry "CAN"]

1. Nf3 d5 2. g3 c5 3. Bg2 Nc6 4. d3 Nf6 5. O-O g6 6. Nc3 Bg7 7. Na4 Qd6 8. c4
O-O 9. a3 Bg4 10. Be3 b6 11. Bg5 dxc4 12. dxc4 Qe6 13. Rc1 Rad8 14. Qe1 Ne4 15.
Be3 Bh3 16. Bxh3 Qxh3 17. b4 Nd4 18. Bxd4 cxd4 19. Nb2 g5 20. Nd3 Rd6 21. e3
Rh6 22. exd4 g4 23. Nf4 Ng5 24. Nh4 Rxh4 25. Nxh3 Nf3+ 0-1

[Event "CAN/QC op"]
[Site "Montreal CAN"]
[Date "2002.07.21"]
[Round "10.66"]
[White "Cloutier, Richard"]
[Black "Veltmann, Martin"]
[Result "0-1"]
[WhiteElo "1666"]
[BlackElo "2154"]
[PlyCount "68"]
[EventDate "2002.07.13"]
[EventType "swiss"]
[EventRounds "9"]
[EventCountry "CAN"]

1. e4 c5 2. Nf3 d6 3. d4 cxd4 4. Nxd4 Nf6 5. Nc3 a6 6. Bg5 e6 7. f4 Be7 8. Qf3
Qc7 9. O-O-O Nbd7 10. g4 b5 11. Bxf6 Nxf6 12. a3 Rb8 13. g5 Nd7 14. h4 b4 15.
axb4 Rxb4 16. Bh3 Nc5 17. Nf5 exf5 18. Nd5 Qa5 19. Nxb4 Qxb4 20. Bxf5 Bb7 21.
Rhe1 O-O 22. Bxh7+ Kxh7 23. Qh5+ Kg8 24. f5 Nxe4 25. Rg1 Qa5 26. c3 Qxf5 27.
Rdf1 Ng3 28. Rxf5 Nxh5 29. g6 fxg6 30. Rxf8+ Kxf8 31. Rxg6 Kf7 32. Rg4 Kf6 33.
Kc2 Kf5 34. Rd4 Be4+ 0-1

[Event "CMA Futurity"]
[Site "Montreal CAN"]
[Date "2002.01.23"]
[Round "1"]
[White "Gaspariants, Garry"]
[Black "Schwartz, Ylan"]
[Result "0-1"]
[WhiteElo "2230"]
[BlackElo "2317"]
[PlyCount "124"]
[EventDate "2002.01.23"]
[EventType "tourn"]
[EventRounds "9"]
[EventCountry "CAN"]
[EventCategory "3"]
[Source "Mark Crowther"]
[SourceDate "2002.02.11"]

1. Nf3 g6 2. d4 Bg7 3. e4 d6 4. Nc3 Nf6 5. Be2 O-O 6. O-O e5 7. h3 exd4 8. Nxd4
Re8 9. Bf3 Na6 10. Nb3 Nd7 11. Be3 Nac5 12. Bd4 Be5 13. Nxc5 Nxc5 14. Re1 c6
15. Bxe5 dxe5 16. Qxd8 Rxd8 17. Rad1 Be6 18. Rxd8+ Rxd8 19. Rd1 Rd4 20. Kf1 b5
21. a3 a5 22. Ke1 b4 23. axb4 axb4 24. Rxd4 exd4 25. Ne2 d3 26. Nd4 dxc2 27.
Nxc2 b3 28. Nb4 Na4 29. Nd3 c5 30. Kd2 c4 31. Nb4 Nxb2 32. Nd5 Bxd5 33. exd5
Na4 34. d6 Nb6 35. Bc6 Kf8 36. g4 f5 37. gxf5 gxf5 38. Kc3 Kf7 39. Bb5 Ke6 40.
d7 Ke7 41. Kb2 Nxd7 42. Bxc4 Nc5 43. Bxb3 Nd3+ 44. Kc3 Nxf2 45. h4 Kf6 46. Kd4
Ng4 47. Bg8 h6 48. Bb3 Ne5 49. Ke3 Ng6 50. h5 Nf8 51. Kd4 Ne6+ 52. Kc4 Nf4 53.
Bd1 Kg5 54. Kd4 Nxh5 55. Ke5 Nf6 56. Bc2 Ng4+ 57. Ke6 Ne3 58. Bd3 h5 59. Be2 h4
60. Ke5 h3 61. Bf3 h2 62. Kd4 Kf4 0-1

[Event "CMA Futurity"]
[Site "Montreal CAN"]
[Date "2002.01.23"]
[Round "1"]
[White "Voskanyan, Vahagn"]
[Black "Divljan, Igor"]
[Result "1-0"]
[WhiteElo "2315"]
[BlackElo "2258"]
[PlyCount "85"]
[EventDate "2002.01.23"]
[EventType "tourn"]
[EventRounds "9"]
[EventCountry "CAN"]
[EventCategory "3"]
[Source "Mark Crowther"]
[SourceDate "2002.02.11"]

1. Nf3 c5 2. c4 b6 3. g3 Bb7 4. Bg2 Nf6 5. Nc3 e6 6. O-O Be7 7. d3 O-O 8. a3
Nc6 9. Ne5 Qc7 10. Bf4 Nxe5 11. Bxe5 Qxe5 12. Bxb7 Rad8 13. Qa4 d5 14. Bc6 Qh5
15. f3 dxc4 16. Qxc4 Rd6 17. Bb7 Nd5 18. Nd1 Nc7 19. Qg4 Qe5 20. f4 Qd4+ 21.
Kh1 f5 22. Qf3 Rb8 23. Nc3 b5 24. Qg2 Rb6 25. Bc6 Qd6 26. Bf3 Bf6 27. Rac1 Bd4
28. Nd1 b4 29. a4 b3 30. e3 Bf6 31. Qe2 e5 32. fxe5 Bxe5 33. Nc3 Rd8 34. Rfd1
Qh6 35. Qf2 Rg6 36. Ne2 Ne6 37. d4 cxd4 38. exd4 Nxd4 39. Rc4 Ne6 40. Rxd8+
Nxd8 41. Bd5+ Kh8 42. Qxf5 Bf6 43. Rc8 1-0